Statistics for FIFA 23 RANDOM PLAYERS COUNTRY QUIZ #10

Click here to take the quiz!

General Stats

  • This quiz has been taken 17 times
  • The average score is 12 of 20

Answer Stats

HintAnswer% Correct
Lisandro MartínezArgentina
100%
Gianluigi DonnarummaItaly
94%
Marcos AcuñaArgentina
81%
David TrezeguetFrance
81%
Saïd BenrahmaAlgeria
75%
Rodrigo De PaulArgentina
75%
Ryan GravenberchNetherlands
69%
Lutsharel GeertruidaNetherlands
69%
Gheorghe HagiRomania
69%
JoseluSpain
69%
Jasper CillessenNetherlands
63%
Agustín MarchesínArgentina
44%
Martin TerrierFrance
44%
Robin GosensGermany
44%
Hamed Junior Traore (CAM)Ivory Coast
44%
Mark-Anthony KayeCanada
38%
Angel GomesEngland
38%
Akram AfifQatar
38%
Abdullah Al MayoofSaudi Arabia
38%
Facundo QuignonArgentina
25%

Score Distribution

Percentile by Number Answered

Percent of People with Each Score

Your Score History

You have not taken this quiz